|
|
|
|
| LEADER |
01972nam a2200337 a 4500 |
| 001 |
31690 |
| 003 |
BD-DhAAL |
| 005 |
20230124153955.0 |
| 008 |
170516s2014 bg ||||| |||| 00| 1 ben d |
| 020 |
|
|
|a 9847013304135
|
| 020 |
|
|
|a 9789845021159
|
| 020 |
|
|
|a 9789845027366
|
| 040 |
|
|
|a BD-DhAAL
|c BD-DhAAL
|
| 041 |
|
|
|a ben
|
| 082 |
|
|
|a 891.44371
|2 23
|
| 100 |
|
|
|a আহমেদ, হুমায়ূন
|9 21571
|
| 245 |
|
|
|a নন্দিত নরকে /
|c হুমায়ূন আহমেদ
|
| 246 |
|
|
|a Nandito naroke
|
| 260 |
|
|
|a ঢাকা :
|b অন্যপ্রকাশ,
|c ২০০৯,
|c ২০১৩ [ তৃতীয় মুদ্রণ ২০১৭, চতুর্থ মুদ্রণ ২০২০]
|
| 300 |
|
|
|a ৭৭ পৃষ্ঠা ;
|c ২২ সে.মি.
|
| 526 |
|
|
|a AAL
GenEd (Residential Campus)
|
| 541 |
|
|
|a Development Book Agency
|e 31690, 31691, 34824, 40700
|
| 650 |
|
|
|a Bengali
|x fiction
|z Bangladesh.
|9 21572
|
| 650 |
|
|
|a Bengali literature.
|
| 852 |
|
|
|a Savar Campus Library
|c General Stacks
|
| 942 |
|
|
|2 ddc
|c BK
|
| 999 |
|
|
|c 38050
|d 38050
|
| 952 |
|
|
|0 0
|1 0
|2 ddc
|4 0
|6 891_443710000000000_AHM
|7 0
|8 FIC
|9 60195
|a BRACUL
|b BRACUL
|c GEN
|d 2017-04-13
|e Paragon Enterprises
|g 158.00
|l 31
|m 152
|o 891.44371 AHM
|p 3010031687
|r 2023-08-10
|s 2023-08-03
|t 2
|v 158.00
|w 2017-04-13
|y BK
|
| 952 |
|
|
|0 0
|1 0
|2 ddc
|4 1
|6 891_443710000000000_AHM
|7 0
|8 FIC
|9 60196
|a BRACUL
|b BRACUL
|c GEN
|d 2017-04-13
|e Paragon Enterprises
|g 158.00
|l 20
|m 104
|o 891.44371 AHM
|p 3010031686
|r 2025-02-06
|s 2025-01-13
|t 1
|v 158.00
|w 2017-04-13
|y BK
|x Page missing from 49-64
|
| 952 |
|
|
|0 0
|1 0
|2 ddc
|4 0
|6 891_443710000000000_AHM
|7 0
|8 FIC
|9 65671
|a SCL
|b SCL
|c GEN
|d 2019-07-17
|e Development Book Agency
|g 158.00
|l 17
|m 25
|o 891.44371 AHM
|p 3020034824
|r 2024-03-02
|s 2024-02-25
|t 3
|v 158.00
|w 2019-07-17
|y BK
|
| 952 |
|
|
|0 0
|1 0
|2 ddc
|4 0
|6 891_443710000000000_AHM
|7 0
|9 72786
|a SCL
|b SCL
|c GEN
|d 2023-01-05
|e Development Book Agency
|g 176.00
|l 18
|m 28
|o 891.44371 AHM
|p 3020040700
|r 2026-02-28
|s 2026-02-01
|t 4
|v 176.00
|w 2023-01-05
|y BK
|